000 00796nam a22002777a 4500
999 _c127016
_d127016
003 dpl
005 20181215153533.0
008 181031b ||||| |||| 00| 0 eng d
010 _aB-227267
020 _c00.00
_a8180520315
035 _aB-227267
035 _aB-227261
037 _bBPPD/PUB
040 _aDPL
_bEN
_c0
082 _a658
_bBHA
100 _aBhatia, R. C
_919133
245 _aBusiness organisation and management /
_cby R. C. Bhatia
246 _b
260 _aNew Delhi
_bAne Books
_c2005
270 _a4821 Parwana Bhawan, 24 Ansari Road
_bNew Delhi
_e110002
300 _axxiv,423p.
_c23cm(Hb)
500 _aIncludes index
650 _aIndustrial organization
_914194
650 _aIndustrial management
_919134
942 _2ddc
_cEN
_h658
_mBHA